| 000 | 00391nam a2200145Ia 4500 | ||
|---|---|---|---|
| 008 | 230312s9999||||xx |||||||||||||| ||und|| | ||
| 020 | _a978-9332542884 | ||
| 082 |
_a621.395 _bWES-C |
||
| 100 | _aWeste;Neil.E | ||
| 245 | 0 | _aCMOS VLSI DESIGN:Circuits and systems Perspective | |
| 260 |
_bPearsons _aIndia _c2018 |
||
| 300 | _a838 | ||
| 650 |
_aEngineering _vElectrical/Computer |
||
| 942 | _cBK | ||
| 999 |
_c13883 _d13883 |
||